| 000 | 00361nam a2200157Ia 4500 | ||
|---|---|---|---|
| 003 | OSt | ||
| 008 | 191201s2011 xx 000 0 und d | ||
| 082 |
_a004.21 _bRAC |
||
| 100 | _aRADHAKRISHNAN,P | ||
| 245 | 0 | _aCAD /CAM / CIM | |
| 250 | _aRep | ||
| 260 |
_aNew Delhi _bNew Age International _c2011 |
||
| 300 | _a673 | ||
| 650 | _aM.Tech (ME) | ||
| 942 |
_2ddc _cBK |
||
| 999 |
_c5107 _d5107 |
||